| 000 | 00653nam a22001937a 4500 | ||
|---|---|---|---|
| 003 | CEME | ||
| 005 | 20210628204049.0 | ||
| 008 | 210107b xxu||||| |||| 00| 0 eng d | ||
| 020 | _a9788190935616 | ||
| 040 | _cceme | ||
| 082 | _a604.2 SIM | ||
| 100 |
_aSimmons, Colin.H, Maguire, Dennis.E, Phelps, Neil _968541 |
||
| 245 | _aManual Of Engineering Drawing, Technical Product Specification And Documentation To British And International Standards | ||
| 250 | _a3RD | ||
| 260 |
_aINDIA _bNEWNES _c2009 |
||
| 300 | _aVI, 328P | ||
| 650 |
_aENGINEERING DRAWING-MANUAL.ENGINEERING DRAWING-BRITISH AND INTERNATIONAL STANDARDS _968542 |
||
| 942 |
_cBK _2ddc |
||
| 999 |
_c576090 _d576090 |
||